[Event "Dutch Open"]
[Site "Dieren NED"]
[Date "2006.07.29"]
[Round "5"]
[White "Van den Dikkenberg,E"]
[Black "Slingerland,C"]
[Result "1-0"]
[WhiteElo "2144"]
[BlackElo "2070"]

1.e4 c5 2.Nf3 Nc6 3.Nc3 g6 4.Bc4 Bg7 5.d3 e6 6.a3 Nge7 7.Bg5 h6 8.Bh4 O-O
9.Qd2 Nd4 10.Ba2 d6 11.Nxd4 cxd4 12.Ne2 Qc7 13.O-O Nc6 14.f4 f5 15.exf5 gxf5
16.Rae1 Qf7 17.Rf3 Bf6 18.Bxf6 Qxf6 19.Ng3 Qg6 20.Ne4 fxe4 21.Rg3 Qxg3 22.hxg3 e3
23.Qe2 Kh7 24.Qh5 Bd7 25.c3 Rf5 26.Qf3 e5 27.cxd4 exd4 28.g4 Rf6 29.Bd5 Kg7
30.Qg3 Raf8 31.Bxc6 bxc6 32.f5 c5 33.b4 Rc8 34.bxc5 dxc5 35.Qe5 Kf7 36.Qd5+ Ke7
37.Rc1 Rfc6 38.Kf1 h5 39.Ke2 hxg4 40.Rh1 Kd8 41.Rh7 R8c7 42.Rh8+  1-0

[Event "15th Open A"]
[Site "Vienna AUT"]
[Date "2006.07.29"]
[Round "1"]
[White "Lujan,C"]
[Black "Kopinits,A"]
[Result "1-0"]
[WhiteElo "2380"]
[BlackElo "2096"]

1.e4 c5 2.Nf3 Nc6 3.Nc3 Nf6 4.d4 cxd4 5.Nxd4 e5 6.Ndb5 d6 7.Bg5 a6 8.Na3 b5
9.Nd5 Be7 10.Bxf6 Bxf6 11.c3 O-O 12.Be2 Bg5 13.Qd3 Ne7 14.Nxe7+ Qxe7 15.Nc2 Bb7
16.Nb4 Rac8 17.Nd5 Qe6 18.O-O Bxd5 19.exd5 Qh6 20.Qf5 Rc7 21.a4 g6 22.Qe4 Bf4
23.g3 Bd2 24.axb5 axb5 25.Qb4 Rc5 26.Ra6 Rxd5 27.Bf3 Rc5 28.Rxd6 Rcc8 29.Qxb5 Rfe8
30.Bc6 Re7 31.Qd5 Kg7 32.Rd7 Qg5 33.Rd1 e4 34.Rxd2 Qxd5 35.R2xd5  1-0

[Event "MTO Open"]
[Site "Biel SUI"]
[Date "2006.07.30"]
[Round "6"]
[White "Bohnenblust,S"]
[Black "Cebalo,M"]
[Result "0-1"]
[WhiteElo "2231"]
[BlackElo "2505"]

1.e4 c5 2.Nc3 Nc6 3.Bb5 Nd4 4.Bc4 a6 5.Nf3 e6 6.Nxd4 cxd4 7.Ne2 Nf6 8.d3 b5
9.Bb3 Qb6 10.c3 dxc3 11.bxc3 Bb7 12.Be3 Qc7 13.Bf4 Bd6 14.Qd2 Rc8 15.Bxd6 Qxd6
16.f3 Qb6 17.d4 d6 18.O-O O-O 19.Kh1 Rc7 20.Rfc1 Rfc8 21.Rab1 Qa5 22.Qd3 e5
23.dxe5 dxe5 24.Qd6 Re8 25.Rd1 Rc6 26.Qb4 Qb6 27.a4 Rc5 28.axb5 Rxb5 29.Qc4 Re7
30.Ba2 h5 31.Rxb5 axb5 32.Qb4 Rc7 33.Ng3 Qf2 34.Bd5 h4 35.Bxb7 h3 36.Rg1 Rxb7
37.Qa3 Rd7 38.Qc1 hxg2+ 39.Rxg2 Qxf3  0-1

[Event "15th Open A"]
[Site "Vienna AUT"]
[Date "2006.07.31"]
[Round "3"]
[White "Dueckstein,A"]
[Black "Kopinits,A"]
[Result "1/2-1/2"]
[WhiteElo "2250"]
[BlackElo "2096"]

1.e4 c5 2.Nc3 Nc6 3.Nf3 Nf6 4.d4 cxd4 5.Nxd4 e5 6.Ndb5 d6 7.Nd5 Nxd5 8.exd5 Nb8
9.c4 Be7 10.Be2 O-O 11.O-O a6 12.Nc3 Nd7 13.Be3 f5 14.f3 Bg5 15.Qd2 Bxe3+
16.Qxe3 b6 17.b4 Bb7 18.Rac1 Qf6 19.Na4 Rfb8 20.Rfd1 a5 21.Nxb6 Nxb6 22.Qxb6 axb4
23.Qxb4 Bxd5 24.Qd2 Bf7 25.Bf1 Rb6 26.Rc3 Qd8 27.Rd3 Rc8 28.Rxd6 Rxd6 29.Qxd6 Qxd6
30.Rxd6 Bxc4 31.Bxc4+ Rxc4 32.Rd2 Ra4 33.Kf2 Kf7 34.Ke3 Ra3+ 35.Ke2 e4 36.fxe4 fxe4
37.Rd4 Rxa2+ 38.Kf1 e3 39.Rf4+ Kg6 40.Re4 Kf5  1/2-1/2

[Event "MTO Open"]
[Site "Biel SUI"]
[Date "2006.08.01"]
[Round "8"]
[White "Sudakova,I"]
[Black "Gaponenko,I"]
[Result "1-0"]
[WhiteElo "2376"]
[BlackElo "2458"]

1.e4 c5 2.Nc3 Nc6 3.Nge2 g6 4.g3 Bg7 5.Bg2 d6 6.O-O e5 7.d3 Nge7 8.Nd5 O-O
9.f4 Be6 10.h3 Qd7 11.Kh2 f5 12.Be3 Kh8 13.c3 Rab8 14.Qd2 b5 15.Rad1 Rfc8
16.fxe5 Nxe5 17.Bh6 Nxd5 18.exd5 Bg8 19.Bxg7+ Qxg7 20.b3 c4 21.d4 Nd3 22.Rb1 Re8
23.Nc1 Nxc1 24.Rfxc1 cxb3 25.axb3 Qb7 26.c4 bxc4 27.bxc4 Qxb1 28.Rxb1 Rxb1
29.c5 Rbe1 30.cxd6 Rb1 31.d7 Rf8 32.d6 Rb6 33.Qa5 Bf7 34.Qxa7 Rbb8 35.Bb7 Rbd8
36.Bc6 Kg8 37.Qa5 Be6 38.Qe5 Bf7 39.h4 h6 40.h5 g5 41.Qf6 Bxh5 42.Qxh6 Bf7
43.g4  1-0

[Event "15th Open A"]
[Site "Vienna AUT"]
[Date "2006.08.01"]
[Round "4"]
[White "Bachofner,C"]
[Black "Kottisch,G"]
[Result "1/2-1/2"]
[WhiteElo "2146"]
[BlackElo "1991"]

1.e4 c5 2.Nf3 Nc6 3.Nc3 d6 4.d4 cxd4 5.Nxd4 Nf6 6.Bc4 e6 7.Bb3 a6 8.Be3 Na5
9.Qe2 Nxb3 10.axb3 Bd7 11.f3 Be7 12.g4 O-O 13.h4 e5 14.Nf5 Bxf5 15.gxf5 Nh5
16.Qh2 Rc8 17.O-O-O Qa5 18.Kb1 Rxc3 19.bxc3 Qxc3 20.Qd2 Qc7 21.Rdg1 Rc8 22.Rg2 Kh8
23.Bg5 f6 24.Be3 Bf8 25.Rd1 a5 26.Qd5 a4 27.bxa4 Ra8 28.Qb3 Qc6 29.Rd3 Rxa4
30.Rc3 Qe8 31.Rc4 Ra8 32.Rc7 d5 33.Bc1 b6 34.Bb2 Nf4 35.Rd2 d4 36.Qc4 Bc5
37.Qf7 Qxf7 38.Rxf7 Kg8 39.Rb7 Ra5 40.Rh2 h6 41.Kc1 Rb5 42.Rb8+ Kf7 43.Rd8 d3  1/2-1/2

[Event "15th Open A"]
[Site "Vienna AUT"]
[Date "2006.08.01"]
[Round "4"]
[White "Klein,G"]
[Black "Zojer,T"]
[Result "0-1"]
[WhiteElo "1994"]
[BlackElo "2088"]

1.e4 c5 2.Nf3 Nc6 3.Nc3 Nf6 4.d4 cxd4 5.Nxd4 e5 6.Ndb5 d6 7.Nd5 Nxd5 8.exd5 Nb8
9.Qf3 a6 10.Qa3 Be7 11.Bg5 f6 12.Bd2 O-O 13.Bb4 Re8 14.Nxd6 a5 15.Qa4 Bd7
16.Bb5 axb4 17.Qxa8 Bxd6 18.Qxb7 Bc8 19.Qa7 Re7 20.Qe3 Qa5 21.Bc4 e4 22.O-O Qc7
23.Qb3 Bxh2+ 24.Kh1 Bd6 25.a3 Re5 26.Be2 Ba6 27.c4 bxc3 28.Bxa6 Rh5+ 29.Kg1 Bh2+
30.Kh1 Bg1+  0-1

[Event "Adolfo Pedrido Mem"]
[Site "Vilagarcia de Arousa ESP"]
[Date "2006.08.01"]
[Round "8"]
[White "Torrado Quintela,J"]
[Black "Villar Nieves,A"]
[Result "0-1"]
[WhiteElo "2201"]
[BlackElo "2177"]

1.e4 c5 2.Nc3 Nc6 3.Nf3 Nf6 4.e5 Ng4 5.Qe2 Qc7 6.Nd5 Qb8 7.d4 cxd4 8.Bf4 e6
9.h3 Nh6 10.Bxh6 exd5 11.Bf4 Bb4+ 12.Bd2 Bxd2+ 13.Qxd2 Nxe5 14.Qxd4 Nxf3+
15.gxf3 O-O 16.O-O-O Qd6 17.Rg1 Qh6+ 18.Kb1 d6 19.Bd3 Be6 20.Rg3 f5 21.Rdg1 Rf7
22.f4 a6 23.a3 Raf8 24.Be2 Re7 25.Re3 Qf6 26.Qxf6 Rxf6 27.Bf3 d4 28.Re2 Rc7
29.Rd1 Kf7 30.Bh5+ Ke7 31.Bf3 Rh6 32.Bd5 Kd7 33.Rxd4 Bxd5 34.Rxd5 Rc5 35.Rd3 Rc4
36.Rde3 g6 37.Re7+ Kc6 38.R2e3 Rh4 39.b3 Rcxf4 40.Rc3+ Kd5 41.Rxb7 Rxf2 42.Rb6 Rd4
43.Rxa6 f4 44.Ra7 Rg2 45.Rxh7 Rg3 46.Kb2 Ke6 47.Rh8 Rd5 48.Re8+ Kf5 49.a4 f3
50.b4 Rxh3 51.a5 Kf4 52.Re1 g5 53.Rc4+ Kg3 54.a6 f2 55.Ra1 Rh7 56.Rc8 Rf5
57.Rb8 f1=Q 58.Rxf1 Rxf1 59.b5 Ra7 60.Kc3 Rf4 61.Rb7 Rxb7 62.axb7 Rf8 63.Kd4 Rb8
64.Kd5 Rxb7 65.c4 Rb6  0-1

[Event "ITT"]
[Site "Villa Martelli ARG"]
[Date "2006.08.02"]
[Round "10"]
[White "Della Morte,P"]
[Black "Guerrero,Alv"]
[Result "1-0"]
[WhiteElo "2284"]
[BlackElo "2168"]

1.e4 c5 2.Nf3 Nc6 3.Nc3 Nf6 4.d4 cxd4 5.Nxd4 e5 6.Ndb5 d6 7.Bg5 a6 8.Na3 b5
9.Bxf6 gxf6 10.Nd5 Bg7 11.Bd3 Be6 12.O-O f5 13.Qh5 f4 14.c4 b4 15.Nc2 Rb8
16.b3 a5 17.Rad1 Bxd5 18.exd5 Ne7 19.Rfe1 Ng6 20.Nd4 Ne7 21.Ne6 Qb6 22.Nxg7+ Kf8
23.Qh6 Ng8 24.Ne6+ Ke7 25.Qg5+ Nf6 26.Ng7  1-0

[Event "15th Open A"]
[Site "Vienna AUT"]
[Date "2006.08.03"]
[Round "6"]
[White "Klein,Fe"]
[Black "Zojer,T"]
[Result "1-0"]
[WhiteElo "2205"]
[BlackElo "2088"]

1.e4 c5 2.Nf3 Nc6 3.Nc3 Nf6 4.Bb5 d6 5.e5 Ng4 6.exd6 exd6 7.d4 Bd7 8.dxc5 dxc5
9.O-O Be7 10.Nd5 a6 11.Nxe7 Nxe7 12.Bxd7+ Qxd7 13.Qxd7+ Kxd7 14.h3 Nf6 15.Ne5+ Ke8
16.Be3 Rc8 17.Rad1 Nfd5 18.Nc4 Rc6 19.Rfe1 f6 20.Bc1 Kf7 21.Na5 Rc7 22.c4 Nb6
23.Bf4 Rhc8 24.Bxc7 Rxc7 25.Rd8 Nd7 26.Rd1 Ke6 27.Nb3 b6 28.Nd2 Nc6 29.Re8+ Kf7
30.Ree1 Nde5 31.b3 Nd4 32.Ne4 g5 33.Nxg5+ Kg6 34.Ne4 Re7 35.f4 Nec6 36.Nc3 Rg7
37.Nd5 Kf7 38.Kf2 b5 39.cxb5 axb5 40.Rc1  1-0

[Event "15th Open A"]
[Site "Vienna AUT"]
[Date "2006.08.04"]
[Round "7"]
[White "Herbold,M"]
[Black "Jongsma,W"]
[Result "1-0"]
[WhiteElo "2197"]
[BlackElo "2111"]

1.e4 c5 2.Nc3 Nc6 3.Bb5 g6 4.Bxc6 dxc6 5.d3 Bg7 6.Nge2 e5 7.Be3 b6 8.Qd2 Be6
9.b3 Qd7 10.Na4 f5 11.f3 Nf6 12.Bh6 O-O 13.Bxg7 Qxg7 14.Qc3 Nd7 15.O-O-O Qe7
16.exf5 Rxf5 17.h4 Bf7 18.Rdf1 Bd5 19.Qe1 b5 20.Nb2 c4 21.dxc4 bxc4 22.bxc4 Bf7
23.Qc3 Rb8 24.Re1 Rxb2 25.Kxb2 Nb6 26.Ka1 Qc5 27.Ng3 Na4 28.Ne4 Qb6 29.Qb3 Qa6
30.Nd6 Rf4 31.Nxf7 Kxf7 32.Re4 Nc5 33.Rxf4+ exf4 34.Qb4 Ne6 35.Re1 c5 36.Qb5 Qd6
37.Qb7+ Kf6 38.Qd5 Qb6 39.h5  1-0

[Event "15th Open A"]
[Site "Vienna AUT"]
[Date "2006.08.04"]
[Round "7"]
[White "Galdunts,S"]
[Black "Knoll,H"]
[Result "1/2-1/2"]
[WhiteElo "2502"]
[BlackElo "2373"]

1.e4 c5 2.Nc3 Nc6 3.Nge2 Nf6 4.d4 cxd4 5.Nxd4 e5 6.Ndb5 d6 7.Bg5 a6 8.Na3 d5
9.Nxd5 Bxa3 10.bxa3 Qa5+ 11.Qd2 Qxd2+ 12.Bxd2 O-O 13.Nxf6+ gxf6 14.Bd3 Be6
15.O-O Rfd8 16.Bh6 Nd4 17.f4 Rac8 18.Rf2 Rd6 19.Re1 exf4 20.e5 fxe5 21.Rxe5 Bf5
22.Bxf5 Nxf5 23.Bxf4 Rd1+ 24.Rf1 Rxf1+ 25.Kxf1 Nd4 26.Rg5+ Kf8 27.Bd6+ Ke8
28.Rg8+ Kd7 29.Rxc8 Kxc8 30.c3 Nf5 31.Bc5 Kd7 32.g4 Kc6 33.Bf2 Nd6 34.Ke2 Kd5
35.Kd3 b5 36.a4 Nc4 37.axb5 Ne5+ 38.Kc2 axb5 39.h3 Kc4 40.Be3 Nf3 41.Bf2 Ng5
42.Be3 Nxh3 43.g5 b4 44.cxb4 Kxb4  1/2-1/2

[Event "17th Jozef Kochan Mem"]
[Site "Koszalin POL"]
[Date "2006.08.05"]
[Round "2"]
[White "Brzeski,M"]
[Black "Zoltek,T"]
[Result "1-0"]
[WhiteElo "2261"]
[BlackElo "2280"]

1.e4 c5 2.Nc3 Nc6 3.Bb5 e6 4.Bxc6 bxc6 5.d3 e5 6.f4 exf4 7.Bxf4 Ne7 8.Nf3 Ng6
9.Bg3 Be7 10.O-O O-O 11.Qe2 d6 12.Rae1 Bg4 13.h3 Bxf3 14.Qxf3 c4 15.dxc4 Qb6+
16.Kh2 Qxb2 17.Rb1 Qa3 18.Nd5 Qxf3 19.Nxe7+ Nxe7 20.Rxf3 Nc8 21.Rb7 f6 22.Rc7 Re8
23.Rb3 Nb6 24.Bxd6 Nxc4 25.Bg3 Rec8 26.Rbb7 Rxc7 27.Bxc7 a5 28.Bb8 h5 29.Kg3 Kh7
30.Kf3 Ra6 31.Ke2 a4 32.Kd3 Rb6 33.Rxb6 Nxb6 34.Bc7 Nd7 35.Kc4 Kg6 36.Kb4 Kf7
37.Kxa4 Ke6 38.Ka5 g6 39.a4 Nc5 40.Bb6 Nxe4 41.Ka6 Kd7 42.Kb7 Nd6+ 43.Kb8 Nc4
44.a5 c5 45.Bc7 Na3 46.c4  1-0

[Event "XXI Rapid Open"]
[Site "Villarrobledo ESP"]
[Date "2006.08.05"]
[Round "4"]
[White "Perez,Lu"]
[Black "Malakhov,V"]
[Result "1-0"]
[WhiteElo "2414"]
[BlackElo "2690"]

1.e4 c5 2.Nf3 Nc6 3.Nc3 g6 4.d4 cxd4 5.Nxd4 Bg7 6.Be3 Nf6 7.Bc4 O-O 8.Bb3 e6
9.O-O d5 10.exd5 exd5 11.h3 Na5 12.Qf3 Be6 13.Rad1 Nxb3 14.Nxb3 b6 15.Bd4 Rc8
16.Rfe1 Rc6 17.Re2 Rc8 18.Nb5 Bf5 19.Nxa7 Rxc2 20.Rxc2 Bxc2 21.Rc1 Bxb3 22.Qxb3 Ne4
23.Nc6 Qg5 24.Be3 Qf6 25.Qxd5 Re8 26.Qd7 Rf8 27.Bd4 Qg5 28.Ne7+ Kh8 29.Bxg7+ Kxg7
30.Re1 Nf6 31.Qd4 b5 32.Re3 Ra8 33.Rg3 Ra4 34.Rxg5 Rxd4 35.Nf5+  1-0

[Event "17th Jozef Kochan Mem"]
[Site "Koszalin POL"]
[Date "2006.08.06"]
[Round "3"]
[White "Rzoska,K"]
[Black "Zoltek,T"]
[Result "1/2-1/2"]
[WhiteElo "2161"]
[BlackElo "2280"]

1.e4 c5 2.Nc3 Nc6 3.Nge2 d6 4.d4 cxd4 5.Nxd4 e5 6.Nf3 Be7 7.Bc4 h6 8.Nd5 Nf6
9.Qe2 Bg4 10.c3 Rc8 11.h3 Bh5 12.O-O Bg6 13.Nxf6+ Bxf6 14.Rd1 O-O 15.Nh2 Kh8
16.Bd5 Bg5 17.Bxg5 Qxg5 18.Rd3 f5 19.Rg3 Qf6 20.exf5 Qxf5 21.Rd1 Bh5 22.Ng4 Qg5
23.Bf3 Qe7 24.Rd2 Rce8 25.Be4 Rf4 26.Qe3 Bxg4 27.hxg4 Ref8 28.f3 Nd8 29.Qxa7 Qh4
30.Qf2 Rxe4 31.Rxd6 Ref4 32.g5 Nf7 33.gxh6 Nxd6 34.hxg7+ Kg8 35.gxf8=Q+ Kxf8
36.Rh3 Qxf2+ 37.Kxf2 Rf7 38.Rh5 e4 39.Ke2 exf3+ 40.gxf3 Ke7 41.a4 Kd7 42.b3 Re7+
43.Kd2 Rf7 44.Ke2 Re7+  1/2-1/2

[Event "HZ Open"]
[Site "Vlissingen NED"]
[Date "2006.08.06"]
[Round "2"]
[White "Landa,K"]
[Black "Rosmuller,A"]
[Result "1-0"]
[WhiteElo "2584"]
[BlackElo "2122"]

1.e4 c5 2.Nc3 Nc6 3.Nf3 d6 4.d4 cxd4 5.Nxd4 Nf6 6.Bg5 e6 7.Qd2 Be7 8.O-O-O O-O
9.f3 Nxd4 10.Qxd4 Qa5 11.Qd2 Rd8 12.Kb1 Kh8 13.h4 a6 14.h5 h6 15.Bh4 b5 16.g4 Qc7
17.Bd3 Bb7 18.Ne2 d5 19.e5 Ne4 20.Qe1 Rdc8 21.Bxe7 Qxe7 22.Nd4 Ng5 23.Qe3 Rf8
24.Rhf1 f6 25.Rde1 Rad8 26.Bg6 fxe5 27.Qxe5 Rf6 28.Kc1 Rdf8 29.Re3 b4 30.Rfe1 Qc5
31.f4 Rxf4 32.Nf5 exf5 33.Qxf4 Ne4 34.Bxf5 Bc8 35.Qe5 Bxf5 36.gxf5 Rc8 37.R1e2 Qc4
38.b3 Qc6 39.Rg2 Nf6 40.Kb2 d4 41.Reg3 d3 42.Kc1 Re8 43.Qd4 Re1+ 44.Kb2 dxc2
45.Rxc2 Qh1 46.Qxb4  1-0

[Event "HZ Open"]
[Site "Vlissingen NED"]
[Date "2006.08.06"]
[Round "2"]
[White "Stange,S"]
[Black "Ikonnikov,Vy"]
[Result "0-1"]
[WhiteElo "2153"]
[BlackElo "2587"]

1.e4 c5 2.Nf3 Nc6 3.Nc3 Nf6 4.d4 cxd4 5.Nxd4 e5 6.Ndb5 d6 7.a4 a6 8.Na3 Be7
9.Bg5 Be6 10.Bc4 O-O 11.Bxf6 Bxf6 12.O-O Bg5 13.Bd5 Rc8 14.Nc4 Nb4 15.b3 Rc5
16.a5 Nxd5 17.exd5 Bf5 18.f3 Rc7 19.Ne4 Be7 20.Kh1 Bg6 21.g4 f5 22.gxf5 Rxf5
23.Ne3 Rh5 24.c4 Bg5 25.Nxg5 Qxg5 26.Qe2 Qf4 27.Nd1 Bd3  0-1

[Event "San Agustin Open"]
[Site "Aviles ESP"]
[Date "2006.08.07"]
[Round "3"]
[White "Llaneza Vega,M"]
[Black "Genzling,A"]
[Result "1-0"]
[WhiteElo "2371"]
[BlackElo "2215"]

1.e4 c5 2.Nf3 Nc6 3.Nc3 Nf6 4.Bb5 Qc7 5.O-O Nd4 6.Nxd4 cxd4 7.Nd5 Nxd5 8.exd5 Qc5
9.c4 a6 10.b4 Qxb4 11.Ba4 b5 12.cxb5 g6 13.d3 Bg7 14.b6 O-O 15.Bg5 Rb8 16.Rb1 Qd6
17.Qf3 Qa3 18.Qg3 d6 19.Bxe7 Qxa4 20.Qxd6 Bb7 21.Bxf8 Rxf8 22.Qc7 Bxd5 23.b7 Bxb7
24.Qxb7 Qxa2 25.Ra1 Qe2 26.Qxa6 Qg4 27.Qc4 h5 28.Qd5 Qe2 29.Rad1 Re8 30.f4 Bf6
31.Qa5 Bh4 32.f5 Bf2+ 33.Kh1 g5 34.f6 Be3 35.Qb5 Rc8 36.Rde1 Qg4 37.Rf3 Qe6
38.h3 Qc6 39.Qf5 Qc5 40.Qe4 Qc6 41.Qe5 Qc5 42.Qg3 Re8 43.Rb1 Qc2 44.Rxe3 Qxb1+
45.Kh2 Rxe3 46.Qxg5+ Kf8 47.Qc5+ Kg8 48.Qg5+ Kf8 49.Qg7+ Ke8 50.Qg8+ Kd7
51.Qxf7+ Kd8 52.Qd5+ Ke8 53.Qxh5+ Kd7 54.Qd5+ Ke8 55.Qg8+ Kd7 56.f7 Qb6 57.f8=Q Qc7+
58.Kg1 Re1+ 59.Kf2 Re5 60.Qgg7+  1-0

[Event "HZ Open"]
[Site "Vlissingen NED"]
[Date "2006.08.07"]
[Round "4"]
[White "Van de Wynkele,E"]
[Black "Beeke,B"]
[Result "0-1"]
[WhiteElo "1982"]
[BlackElo "2166"]

1.e4 c5 2.Nc3 Nc6 3.Bb5 Nd4 4.Bc4 a6 5.Nf3 Nxf3+ 6.Qxf3 e6 7.a4 Ne7 8.O-O Nc6
9.Qd1 Be7 10.f4 d6 11.d3 Bd7 12.f5 O-O 13.g4 Ne5 14.Ba2 b5 15.Qe2 Kh8 16.Bb3 Nc6
17.Be3 Bf6 18.Qg2 Nd4 19.Ba2 b4 20.Nd1 exf5 21.gxf5 Bxa4 22.Bxf7 Bxc2 23.Bc4 Bb3
24.Bxd4 Bxd4+ 25.Kh1 Bxc4 26.dxc4 Rf6 27.Rf3 a5 28.Ne3 Bxe3 29.Rxe3 a4 30.Rg1 Ra7
31.Rh3 Qe7 32.Qf3 a3 33.b3 a2 34.Ra1 Qe5 35.Qd1 Qxe4+ 36.Kg1 Qxf5 37.Rg3 Qf2+  0-1

[Event "San Agustin Open"]
[Site "Aviles ESP"]
[Date "2006.08.08"]
[Round "4"]
[White "Genzling,A"]
[Black "Menendez Villar,J"]
[Result "1-0"]
[WhiteElo "2215"]
[BlackElo "2030"]

1.e4 c5 2.Nf3 Nc6 3.Nc3 e5 4.Bc4 d6 5.d3 Bg4 6.h3 Bh5 7.Nxe5 Nxe5 8.Bb5+ Nd7
9.Qxh5 Nf6 10.Qf3 a6 11.Bxd7+ Qxd7 12.O-O Be7 13.Bg5 Rd8 14.Rab1 h6 15.Bxf6 Bxf6
16.Nd5 Be5 17.Qh5 O-O 18.f4 Bd4+ 19.Kh1 f5 20.c3 Bf6 21.exf5 b5 22.Rbe1 Qb7
23.Qf3 Qf7 24.Re6 Qd7 25.Qg4 Kh8 26.Rfe1 Rf7 27.Nxf6 gxf6 28.Qg6 Rdf8 29.Qxh6+ Kg8
30.R1e3 d5 31.Rg3+ Rg7 32.Rxg7+ Qxg7 33.Qxg7+ Kxg7 34.Rxa6  1-0

[Event "San Agustin Open"]
[Site "Aviles ESP"]
[Date "2006.08.08"]
[Round "4"]
[White "Musaev,R"]
[Black "Arias Garcia,D"]
[Result "0-1"]
[WhiteElo "2140"]
[BlackElo "1872"]

1.e4 c5 2.Nf3 Nc6 3.Nc3 d6 4.d4 cxd4 5.Nxd4 Nf6 6.f3 g6 7.Bc4 Bg7 8.Be3 O-O
9.Qd2 Bd7 10.O-O-O Rc8 11.Bb3 Ne5 12.Bh6 Nc4 13.Bxc4 Rxc4 14.Bxg7 Kxg7 15.g4 Qb6
16.h4 h5 17.Nf5+ Bxf5 18.gxf5 Rfc8 19.Rdg1 Qa5 20.Kb1 R8c6 21.fxg6 Rxc3 22.gxf7+ Kxf7
23.bxc3 Rb6+ 24.Ka1 Ra6 25.Rg7+ Ke6  0-1

[Event "HZ Open"]
[Site "Vlissingen NED"]
[Date "2006.08.09"]
[Round "6"]
[White "Van den Berg,Ad"]
[Black "Keessen,AJ"]
[Result "1-0"]
[WhiteElo "2175"]
[BlackElo "2234"]

1.e4 c5 2.Nc3 Nc6 3.Nge2 g6 4.d4 cxd4 5.Nxd4 Bg7 6.Be3 Nf6 7.Be2 O-O 8.f4 d5
9.e5 Ne4 10.Nxe4 dxe4 11.Nxc6 bxc6 12.Qxd8 Rxd8 13.Bc5 Rd7 14.Bc4 Kf8 15.O-O Ke8
16.Rae1 Rd2 17.Rf2 Rxf2 18.Kxf2 Bf5 19.Rd1 a5 20.Ke3 a4 21.a3 f6 22.e6 Rd8
23.Rxd8+ Kxd8 24.b3 axb3 25.cxb3 Bf8 26.a4 Kc7 27.a5 Kb7 28.a6+ Ka8 29.b4 g5
30.g3 Bg6 31.b5  1-0

[Event "Open"]
[Site "Genova ITA"]
[Date "2006.08.10"]
[Round "4"]
[White "Ferretti,F"]
[Black "Pasquotto,M"]
[Result "1-0"]
[WhiteElo "2254"]
[BlackElo "1939"]

1.e4 c5 2.Nc3 Nc6 3.Bb5 g6 4.Bxc6 dxc6 5.d3 Bg7 6.Be3 b6 7.Qd2 Nf6 8.h3 O-O
9.Bh6 e5 10.Nge2 Ba6 11.Bxg7 Kxg7 12.f4 exf4 13.Qxf4 c4 14.d4 Qe7 15.O-O Rae8
16.Ng3 b5 17.a3 Bb7 18.Qg5 Qe6 19.Rxf6  1-0

[Event "ch-Euro Senior"]
[Site "Davos SUI"]
[Date "2006.08.11"]
[Round "7"]
[White "Schmid,W"]
[Black "Cebalo,M"]
[Result "0-1"]
[WhiteElo "2222"]
[BlackElo "2505"]

1.e4 c5 2.Nc3 Nc6 3.Bb5 Nd4 4.Bc4 e6 5.d3 a6 6.a4 d6 7.Nge2 Nc6 8.O-O Nf6
9.Bb3 Be7 10.h3 Rb8 11.d4 cxd4 12.Nxd4 Bd7 13.Be3 O-O 14.Nxc6 Bxc6 15.f3 b5
16.axb5 axb5 17.Qd2 Nd7 18.Ne2 Nc5 19.Ba2 Qc7 20.Rad1 Rfc8 21.Bb1 b4 22.Nf4 Na4
23.Nd3 Bf6 24.Nxb4 Bb5 25.c3 Nxc3 26.Bd3 Nxd1 27.Qxd1 Qa5  0-1

[Event "Open"]
[Site "Predeal ROM"]
[Date "2006.08.12"]
[Round "1"]
[White "Paulet,I"]
[Black "Katov,L"]
[Result "1-0"]
[WhiteElo "2123"]
[BlackElo "2226"]

1.e4 c5 2.Nc3 Nc6 3.Bb5 g6 4.Nf3 Bg7 5.Bxc6 dxc6 6.h3 Nf6 7.d3 O-O 8.O-O Ne8
9.Be3 b6 10.a4 Nc7 11.a5 Ba6 12.Qd2 Ne6 13.Bh6 Nd4 14.Nxd4 Bxh6 15.Qxh6 cxd4
16.Ne2 c5 17.b3 b5 18.f4 c4 19.f5 Qd6 20.Rf3 Rac8 21.Raf1 cxd3 22.Nf4 g5
23.Qxg5+ Kh8 24.cxd3 Rg8 25.Qh4 Rc2 26.Rg3 Rxg3 27.Qxg3 Rc8 28.Qh4 b4 29.Qh5 Kg8
30.Nd5 Bb7 31.f6 Bxd5 32.Qg4+  1-0

[Event "Open"]
[Site "Stare Mesto CZE"]
[Date "2006.08.13"]
[Round "3"]
[White "Battalov,B"]
[Black "Pacher,M"]
[Result "0-1"]
[WhiteElo "2051"]
[BlackElo "2227"]

1.e4 c5 2.Nc3 Nc6 3.Nge2 e6 4.d3 d5 5.g4 d4 6.Nb1 e5 7.Ng3 Be6 8.Bg2 Qd7
9.h3 Nge7 10.O-O Ng6 11.Nh5 O-O-O 12.a3 Qc7 13.f4 Nxf4 14.Bxf4 exf4 15.Nxf4 Bd6
16.Nxe6 fxe6 17.e5 Nxe5 18.Nd2 h5 19.g5 Ng4 20.Rf3 Bh2+ 21.Kh1 Bf4 22.Nf1 Bxg5
23.Qe2 Be3 24.Ng3 h4 25.Nf1 Ne5 26.Rxe3 dxe3 27.Qxe3 Rhf8 28.Re1 Rf5 29.Nd2 Rdf8
30.Ne4 Nf3 31.Bxf3 Rxf3 32.Qxc5 Rxh3+ 33.Kg1  0-1

[Event "93rd ch-GBR"]
[Site "Swansea WLS"]
[Date "2006.08.13"]
[Round "7"]
[White "Britton,R"]
[Black "Ledger,S"]
[Result "1/2-1/2"]
[WhiteElo "2288"]
[BlackElo "2177"]

1.e4 c5 2.Nc3 Nc6 3.Nge2 e5 4.Nd5 Nf6 5.Nec3 d6 6.Bc4 Nxd5 7.Nxd5 Be6 8.O-O Be7
9.d3 O-O 10.a3 Rc8 11.c3 Bg5 12.b4 Bxc1 13.Rxc1 Ne7 14.Nxe7+ Qxe7 15.Bxe6 Qxe6
16.c4  1/2-1/2

[Event "Acropolis Women's Open"]
[Site "Athens GRE"]
[Date "2006.08.14"]
[Round "2"]
[White "Sorokina,A AUS"]
[Black "Rogule,L"]
[Result "0-1"]
[WhiteElo "2221"]
[BlackElo "2342"]

1.e4 c5 2.Nf3 Nc6 3.Nc3 Nf6 4.Bc4 Nxe4 5.Bxf7+ Kxf7 6.Nxe4 e5 7.Nfg5+ Ke8
8.Qh5+ g6 9.Qf3 Qe7 10.Qf6 Qxf6 11.Nxf6+ Ke7 12.Nd5+ Kd6 13.c4 Nd8 14.d4 cxd4
15.b4 b5 16.f4 bxc4 17.Nf6 h6 18.fxe5+ Kxe5 19.Bf4+ Kxf6 20.O-O hxg5 21.Bd6+ Ke6
22.Bxf8 Rxf8 23.Rxf8 Ke7 24.Raf1 Ne6 25.R8f7+ Kd6 26.R1f6 c3 27.Rxg6 c2 28.Rf1 Ba6
29.Rc1 d3  0-1

[Event "Acropolis Women's Open"]
[Site "Athens GRE"]
[Date "2006.08.14"]
[Round "2"]
[White "Petraki,M"]
[Black "Fakhiridou,E"]
[Result "0-1"]
[WhiteElo "2094"]
[BlackElo "2296"]

1.e4 c5 2.Nc3 Nc6 3.Bb5 Nd4 4.Bc4 e6 5.Nge2 Ne7 6.Nxd4 cxd4 7.Ne2 Nc6 8.O-O Bc5
9.d3 O-O 10.f3 d5 11.Bb3 Na5 12.Qe1 Nxb3 13.axb3 e5 14.Qg3 f6 15.Kh1 Kh8
16.Bd2 Be6 17.Rae1 Rc8 18.b4 Bd6 19.c3 dxc3 20.bxc3 b5 21.Qf2 Bc7 22.d4 Bb6
23.Be3 dxe4 24.fxe4 Bc4 25.Rc1 exd4 26.cxd4 Qe7 27.Rfe1 Qxe4 28.Ng3 Qd5 29.Nf5 Rce8
30.Bd2 Re5 31.Ne7 Qxd4 32.Qxd4 Bxd4 33.Nc6 Rxe1+ 34.Rxe1 Bb6 35.Re7 Rc8 36.Nxa7 Rd8
37.Be1 Rd1 38.Re8+ Bg8 39.Nxb5 Bf2 40.h3 Bxe1  0-1

[Event "Independence Cup A"]
[Site "Kyiv UKR"]
[Date "2006.08.14"]
[Round "2"]
[White "Brozhik,V"]
[Black "Kernazhitsky,L"]
[Result "0-1"]
[WhiteElo "2189"]
[BlackElo "2344"]

1.e4 c5 2.Nc3 Nc6 3.Nf3 e5 4.Bc4 Be7 5.d3 Nf6 6.Nd5 O-O 7.O-O d6 8.c3 Ne8
9.Be3 Bg4 10.Qd2 Kh8 11.Ng5 h6 12.Nf3 Kh7 13.Ne1 Bg5 14.Nc2 a6 15.a4 Be6
16.f3 Rb8 17.d4 Bxe3+ 18.Qxe3 Na5 19.Be2 Bxd5 20.exd5 exd4 21.cxd4 Nf6 22.dxc5 dxc5
23.Rfd1 Re8 24.Qd3+ Kg8 25.Bf1 Qb6 26.Qc3 Rbd8 27.Bc4 Nxc4 28.Qxc4 Nd7 29.a5 Qg6
30.Rd2 Ne5 31.Qf1 c4 32.Ne3 b5 33.Kh1 Nd3 34.Nc2 Rxd5 35.Rad1 Rde5 36.f4 Re4
37.f5 Qf6 38.b3 Rf4 39.Qg1 Qxf5 40.Ne3 Qc5 41.bxc4 bxc4 42.Re2 Rxe3  0-1

[Event "Empresa B"]
[Site "Montreal CAN"]
[Date "2006.08.14"]
[Round "7"]
[White "Mitkov,N"]
[Black "Krush,I"]
[Result "1-0"]
[WhiteElo "2563"]
[BlackElo "2436"]

1.e4 c5 2.Nc3 Nc6 3.Bb5 Nd4 4.Ba4 a6 5.Bb3 b5 6.Bd5 Rb8 7.a4 e6 8.Ba2 Ne7
9.d3 Nec6 10.Nge2 g6 11.O-O Bg7 12.Nxd4 Nxd4 13.Be3 O-O 14.Qd2 b4 15.Nd1 b3
16.Bxd4 Bxd4 17.Bxb3 d5 18.Rb1 dxe4 19.dxe4 Bb7 20.Qe2 Qh4 21.Re1 Rfd8 22.Bc4 Be5
23.g3 Qg5 24.h4 Qd2 25.Bd3 Qa5 26.b3 c4 27.Bxc4 Rd2 28.Qf3 Rxc2 29.Ne3 Qc3
30.Red1 Bc6 31.Kh2 Rd2 32.Rxd2 Qxd2 33.Rd1 Qb2 34.Ng4 Bg7 35.Qf4 Rf8 36.e5 a5
37.h5 gxh5 38.Nf6+ Kh8 39.Nxh5 Bxe5 40.Qd2 Bf3 41.Qxb2 Bxb2 42.Rd2 Bc1 43.Rc2 Ba3
44.Be2 Bd5 45.Nf4 Rd8 46.Rc7 Bd6 47.Nxd5 exd5 48.Ra7 Bb4 49.Kg2 Re8 50.Bb5 Re7
51.Ra8+ Kg7 52.Rd8 Re5 53.f4 Re3 54.Rxd5 Rxb3 55.Rd7 Re3 56.Bc4 Re7 57.Rd5 Rc7
58.Bd3 h6 59.Kf3 Rc3 60.Rd7 Ra3 61.Kg4 Rxa4 62.Bb5 Ra3 63.Bc4 Be1 64.Rxf7+ Kh8
65.f5 Rxg3+ 66.Kf4 Rc3 67.Bd5 Bg3+ 68.Ke4 Bh4 69.Rf8+ Kg7 70.Rf7+ Kh8 71.f6 Bxf6
72.Rxf6 Kg7 73.Kf5 h5 74.Rf7+ Kh6 75.Be4  1-0

[Event "Open"]
[Site "Predeal ROM"]
[Date "2006.08.14"]
[Round "3"]
[White "Thesing,M"]
[Black "Ionica,I"]
[Result "1-0"]
[WhiteElo "2401"]
[BlackElo "2231"]

1.e4 c5 2.Nc3 Nc6 3.Bb5 Nd4 4.Nf3 g6 5.O-O Bg7 6.Nxd4 cxd4 7.Ne2 a6 8.Ba4 b5
9.Bb3 Bb7 10.d3 d5 11.f3 e6 12.Qe1 Ne7 13.a4 dxe4 14.fxe4 Nc6 15.Qg3 Rc8
16.axb5 axb5 17.Bg5 Qd7 18.Nf4 Nb4 19.Qh3 Rc6 20.Nd5 exd5 21.Qxd7+ Kxd7 22.Rxf7+ Kc8
23.Rxg7 dxe4 24.dxe4 h6 25.Bd2 Na6 26.Bd5 Rc7  1-0

[Event "Open"]
[Site "Predeal ROM"]
[Date "2006.08.14"]
[Round "4"]
[White "Carlan,I"]
[Black "Pap,M"]
[Result "0-1"]
[WhiteElo "2107"]
[BlackElo "2409"]

1.e4 c5 2.Nf3 Nc6 3.Nc3 e5 4.Bc4 Be7 5.O-O d6 6.d3 a6 7.a4 Nf6 8.h3 O-O 9.Be3 Nb4
10.Ne2 Rb8 11.c3 Nc6 12.Qc2 d5 13.Ba2 h6 14.Ng3 Re8 15.Rfd1 Bf8 16.d4 exd4
17.exd5 Nxd5 18.Bxd5 Qxd5 19.cxd4 c4 20.Bf4 Ra8 21.Rac1 b5 22.axb5 axb5 23.b3 Na5
24.bxc4 Nxc4 25.Ne5 Bb7 26.f3 Rec8 27.Qf5 Nxe5 28.dxe5 Rxc1 29.Rxc1 b4 30.Kh2 Ra2
31.Ne4 Qe6 32.Qxe6 fxe6 33.Nd2 Bd5 34.Rc8 g5 35.Be3 Kf7 36.Rc7+ Kg6 37.Rc8 Bg7
38.f4 gxf4 39.Bxf4 Bxe5 40.Bxe5 Rxd2 41.Kg3 Rxg2+ 42.Kf4 Re2 43.Rg8+ Kh5  0-1